LEADER 00858nam a2200229 i 4500 001 000000220334 003 CaOOAMICUS 005 20130510000000.0 008 130510s1986 it u000 u eng u 013 $a199231 040 $aSeMil$bita 100 1 $aBonhoeffer, Dietrich,$d<1906-1945>.$0(OLS)http://semarc/name/690 240 10$aNachfolge.$0(OLS)http://semarc/title/70311 245 14$aThe cost od discipleship /$cDietrich Bonhoeffer. 250 $aComplete edition. 260 $aLondon :$bSCM Press,$c1986. 300 $a285 p. ;$c21 cm. 650 4$aVocazione.$0(OLS)http://semarc/subject/9323 850 $aSeMil 852 $aSeMil$W1$xVenegono$y1$m2LL VI 69$j271609$B170690$CSeMilBibl$Z2$F181264 $81 996 $6245$aThe cost od discipleship$9(OLS)http://semarc/title/316026 996 $6260$aLondon :$bSCM Press$9(OLS)http://semarc/publisher/34364 LEADER 01366nam a2200313 4500 001 000000333034 003 CaOOAMICUS 005 20190403105607.0 008 190322s2018 it a 000 u ita r 020 $a978-88-452-9649-9 040 $aSeMil$bita 100 1 $aHarari, Yuval Noah,$d<1976- >.$0(OLS)http://semarc/name/109219 240 10$aFrom animals into gods.$0(OLS)http://semarc/title/422189 245 10$aSapiens :$bda animali a dči /$cYuval Noah Harari ; traduzione dall'inglese di Giuseppe Bernardi. 250 $a4. ed. riveduta 264 1$aMilano :$bBompiani,$c2018. 300 $a537 p. :$bill. ;$c20 cm 490 1 $aTascabili Bompiani ;$v533 650 4$aStoria universale.$0(OLS)http://semarc/subject/7 650 4$aUomo - Evoluzione.$0(OLS)http://semarc/subject/4575 700 1 $aBernardi, Giuseppe,$d<1938- >.$0(OLS)http://semarc/name/53364 830 0$aTascabili Bompiani ;$v533.$0(OLS)http://semarc/title/7395 850 $aSeMil 852 $aSeMil$W1$xVenegono$y1$m3W I 28$j212747$B225221$CSeMilBibl$Z2$F225221 $81 961 $aConti don Ermenegildo - Omaggio 996 $6020$a978-88-452-9649-9$9(OLS)http://semarc/number/286910 996 $6245$aSapiens :$bda animali a dči$9(OLS)http://semarc/title/422190 996 $6264$aMilano :$bBompiani$9(OLS)http://semarc/publisher/29706